000 00356nam a22001457a 4500
020 _a978-969*7341-82-5
040 _cOxford
082 _a514
_bM9521 P
100 _aMuhammad Noor
_916031
245 _aTopology
_bfor beginners
250 _a1st ed.
260 _aKarachi
_bOxford University Press
_c2022
300 _aXV, 194p.
_c26cm.
942 _2ddc
_cBK
999 _c616302
_d616302